[Event "Rilton Cup 51st"]
[Site "Stockholm"]
[Date "2024.01.04"]
[Round "8"]
[White "Aoshima, Mirai"]
[Black "Tulchynskyi, Feliks"]
[Result "1-0"]
[WhiteElo "2367"]
[BlackElo "2325"]
[PlyCount "133"]
[EventDate "2023.12.27"]
[EventType "swiss"]
[EventRounds "9"]
[EventCountry "SWE"]
[SourceTitle "CB02_2024"]
[SourceDate "2024.01.10"]
[SourceVersion "1"]
[SourceVersionDate "2024.01.10"]
[SourceQuality "1"]

1. d4 Nf6 2. c4 e6 3. Nf3 d5 4. Nc3 Bb4 5. Qa4+ Nc6 6. e3 0-0 7. Bd2 dxc4 8. Bxc4 Bd6 9. Qc2 e5 10. dxe5 Nxe5 11. Nxe5 Bxe5 12. f4 Bxc3 13. Bxc3 Ng4 14. Qe2 Qe7 15. e4 Qc5 16. 0-0-0 Ne3 17. Rd4 Nxc4 18. Qxc4 Qxc4 19. Rxc4 Re8 20. Re1 c6 21. f5 b6 22. Rxc6 Bb7 23. Rc4 f6 24. e5 fxe5 25. Rc7 Ba6 26. Re3 Rec8 27. Re7 Bc4 28. Rg3 Bf7 29. Rxe5 Kf8 30. Kb1 Rc4 31. b3 Rf4 32. Rxg7 Rf1+ 33. Kb2 Kxg7 34. Re1+ Kg8 35. Rxf1 Re8 36. Rf2 Bh5 37. Ka3 Re2 38. Rf4 Rxg2 39. Rc4 Rf2 40. Rc8+ Kf7 41. Rc7+ Ke8 42. f6 Bg6 43. Rxa7 Bb1 44. Bb2 Rxh2 45. Rb7 Rf2 46. Rxb6 h5 47. Re6+ Kf7 48. Re1 Bd3 49. Re7+ Kg6 50. Bd4 Rf4 51. Be5 Rf3 52. Rg7+ Kf5 53. Rg3 Rxg3 54. f7 Kxe5 55. f8Q Rh3 56. Kb4 Be4 57. Kc5 Rc3+ 58. Kb5 Rd3 59. b4 Ra3 60. Kc5 Rc3+ 61. Kb6 Kd4 62. Qh8+ Kc4 63. Qxh5 Ra3 64. Qe2+ Bd3 65. Qe3 Kc3 66. Qc1+ Kxb4 67. Qc5+ 1-0

[Event "Tokyo Japan op"]
[Site "Tokyo"]
[Date "2021.11.23"]
[Round "7"]
[White "Asaka, Samuel"]
[Black "Aoshima, Mirai"]
[Result "0-1"]
[WhiteElo "2254"]
[BlackElo "2342"]
[PlyCount "88"]
[EventDate "2021.11.20"]
[EventType "swiss"]
[EventRounds "7"]
[EventCountry "JPN"]
[SourceTitle "CBM 205 Extra"]
[Source "ChessBase"]
[SourceDate "2022.01.31"]
[SourceVersion "1"]
[SourceVersionDate "2022.01.31"]
[SourceQuality "1"]

1. d4 Nf6 2. c4 e6 3. g3 d5 4. Nf3 Bb4+ 5. Bd2 Be7 6. Bg2 0-0 7. 0-0 c6 8. Qc2 b6 9. Rd1 Ba6 10. b3 Nbd7 11. a4 c5 12. a5 Qc8 13. Na3 Bb7 14. Bf4 Ne4 15. cxd5 exd5 16. Bh3 g5 17. Bc1 f5 18. Bg2 Bf6 19. Bb2 Re8 20. Rac1 Qd8 21. dxc5 bxc5 22. a6 Bc6 23. Bxf6 Qxf6 24. b4 cxb4 25. Qxc6 Qxc6 26. Rxc6 bxa3 27. Ra1 Rab8 28. Rcc1 Rb2 29. Rxa3 f4 30. Nd4 Nb6 31. gxf4 gxf4 32. Rf3 Rd2 33. Nc6 Rxe2 34. Rxf4 Ra2 35. Bf1 Kh8 36. h3 h5 37. Bd3 Rg8+ 38. Kf1 Nd2+ 39. Ke2 Re8+ 40. Kd1 Nb3 41. Bc2 Nxc1 42. Kxc1 Nc4 43. Rd4 Ra1+ 44. Bb1 Re1+ 0-1

[Event "JPN-ch"]
[Site "Tokyo"]
[Date "2020.11.03"]
[Round "7"]
[White "Bibby, Simon"]
[Black "Aoshima, Mirai"]
[Result "0-1"]
[WhiteElo "2147"]
[BlackElo "2349"]
[PlyCount "88"]
[EventDate "2020.10.31"]
[EventType "swiss"]
[EventRounds "7"]
[EventCountry "JPN"]
[SourceTitle "CBM 199 Extra"]
[Source "ChessBase"]
[SourceDate "2021.01.31"]
[SourceVersion "1"]
[SourceVersionDate "2021.01.31"]
[SourceQuality "1"]

1. d4 Nf6 2. Nf3 e6 3. Bf4 d5 4. e3 Bd6 5. Bd3 0-0 6. Bg3 b6 7. Nbd2 c5 8. c3 Bb7 9. Ne5 Nc6 10. f4 Ne7 11. Qf3 g6 12. Bh4 Ne8 13. Qg4 Ng7 14. Bxe7 Qxe7 15. 0-0-0 c4 16. Bc2 b5 17. h4 h5 18. Qg5 b4 19. Qxe7 Bxe7 20. Ndf3 a5 21. g4 hxg4 22. Nxg4 Rfc8 23. Nfe5 b3 24. axb3 cxb3 25. Bxg6 fxg6 26. Nxg6 Bd6 27. h5 Nf5 28. Rdg1 Kg7 29. Nh4 Nxh4 30. Rxh4 Rg8 31. Ne5+ Kh7 32. Rg6 Bxe5 33. Rxe6 Rg1+ 34. Kd2 Rag8 35. Ke2 R8g2+ 36. Kf3 Rg3+ 37. Kf2 R1g2+ 38. Kf1 Bg7 39. h6 Bf8 40. Rf6 Be7 41. Rf7+ Kg8 42. Rxe7 Ba6+ 43. Ke1 Re2+ 44. Kf1 Rxb2+ 0-1

[Event "JPN-ch"]
[Site "Tokyo"]
[Date "2020.11.01"]
[Round "4"]
[White "Kojima, Shinya"]
[Black "Aoshima, Mirai"]
[Result "1-0"]
[WhiteElo "2386"]
[BlackElo "2349"]
[PlyCount "67"]
[EventDate "2020.10.31"]
[EventType "swiss"]
[EventRounds "7"]
[EventCountry "JPN"]
[SourceTitle "CBM 199 Extra"]
[Source "ChessBase"]
[SourceDate "2021.01.31"]
[SourceVersion "1"]
[SourceVersionDate "2021.01.31"]
[SourceQuality "1"]

1. Nf3 d6 2. d4 Nc6 3. e4 e5 4. Bb5 Bd7 5. Nc3 Nf6 6. 0-0 exd4 7. Nxd4 Be7 8. Re1 0-0 9. Bxc6 bxc6 10. h3 Rb8 11. b3 Re8 12. Qf3 h6 13. Bf4 c5 14. Nde2 Bc6 15. Rad1 Bf8 16. Ng3 Rb4 17. Re2 a5 18. Bd2 Rb8 19. Rde1 Nd7 20. Nf5 Qf6 21. Nd5 Bxd5 22. exd5 Rxe2 23. Rxe2 a4 24. Bc3 Qg5 25. h4 Qg6 26. Bxg7 axb3 27. axb3 c4 28. Bd4 cxb3 29. cxb3 Nf6 30. Nxh6+ Bxh6 31. Bxf6 Qb1+ 32. Kh2 Kf8 33. Re7 Rxb3 34. Rxc7 1-0

[Event "North American op 29th"]
[Site "Las Vegas"]
[Date "2019.12.28"]
[Round "6"]
[White "Aoshima, Mirai"]
[Black "Somalwar, Anaiy"]
[Result "1-0"]
[WhiteElo "2361"]
[BlackElo "2143"]
[PlyCount "73"]
[EventDate "2019.12.26"]
[EventType "swiss"]
[EventRounds "9"]
[EventCountry "USA"]
[SourceTitle "CBM 194 Extra"]
[Source "ChessBase"]
[SourceDate "2020.03.31"]
[SourceVersion "1"]
[SourceVersionDate "2020.03.31"]
[SourceQuality "1"]

1. d4 d5 2. Nf3 Nf6 3. c4 e6 4. Nc3 Be7 5. Bf4 0-0 6. e3 c6 7. c5 b6 8. b4 Nbd7 9. Bd3 a5 10. a3 Ba6 11. Bxa6 Rxa6 12. 0-0 Qc8 13. h3 Qb7 14. Qc2 Rfa8 15. b5 cxb5 16. Nxb5 Rc8 17. Rab1 Qc6 18. Rfc1 bxc5 19. dxc5 Bxc5 20. Qd3 Ne8 21. Ne5 Nxe5 22. Bxe5 Qd7 23. Nc7 Rc6 24. Nb5 Nd6 25. Rxc5 Rxc5 26. Nxd6 Rc1+ 27. Kh2 Rxb1 28. Qxb1 Rf8 29. Nb7 f6 30. Bg3 Qa4 31. Qb6 e5 32. Qe6+ Kh8 33. Nd6 h6 34. f4 d4 35. Qe7 Ra8 36. fxe5 d3 37. exf6 1-0

[Event "North American op 29th"]
[Site "Las Vegas"]
[Date "2019.12.27"]
[Round "4"]
[White "Aoshima, Mirai"]
[Black "Krishnakumar, Sriram"]
[Result "1-0"]
[WhiteElo "2361"]
[BlackElo "2079"]
[PlyCount "59"]
[EventDate "2019.12.26"]
[EventType "swiss"]
[EventRounds "9"]
[EventCountry "USA"]
[SourceTitle "CBM 194 Extra"]
[Source "ChessBase"]
[SourceDate "2020.03.31"]
[SourceVersion "1"]
[SourceVersionDate "2020.03.31"]
[SourceQuality "1"]

1. d4 d5 2. Nf3 Nf6 3. c4 c6 4. Nc3 e6 5. e3 Nbd7 6. Bd3 dxc4 7. Bxc4 b5 8. Bd3 a6 9. e4 c5 10. d5 c4 11. Bc2 Qc7 12. 0-0 Bb7 13. Nd4 Nc5 14. Qe2 0-0-0 15. b4 cxb3 16. axb3 exd5 17. exd5 Bd6 18. Bf5+ Kb8 19. Be3 Bxh2+ 20. Kh1 Bd6 21. b4 Nxd5 22. Nxd5 Bxd5 23. bxc5 Bxc5 24. Rxa6 Bxd4 25. Bxd4 Bxg2+ 26. Kxg2 Qb7+ 27. Be4 Qxa6 28. Be5+ Kc8 29. Rc1+ Kd7 30. Bf5+ 1-0

[Event "JPN-ch 52nd"]
[Site "Tokyo"]
[Date "2019.05.01"]
[Round "6"]
[White "Aoshima, Mirai"]
[Black "Kobayashi, Atsuhiko"]
[Result "1-0"]
[WhiteElo "2313"]
[BlackElo "2080"]
[PlyCount "53"]
[EventDate "2019.04.29"]
[EventType "swiss"]
[EventRounds "10"]
[EventCountry "JPN"]
[SourceTitle "CBM 190 Extra"]
[Source "ChessBase"]
[SourceDate "2019.07.15"]
[SourceVersion "1"]
[SourceVersionDate "2019.07.15"]
[SourceQuality "1"]

1. d4 d5 2. Nf3 Nf6 3. c4 e6 4. Nc3 a6 5. cxd5 exd5 6. Bg5 Be6 7. e3 Nbd7 8. Bd3 h6 9. Bf4 g5 10. Bg3 Nh5 11. Qc2 Nxg3 12. hxg3 Bg7 13. 0-0-0 c5 14. Bf5 Qf6 15. g4 Rc8 16. e4 cxd4 17. Nxd4 Nb6 18. e5 Qe7 19. Bxe6 fxe6 20. Qg6+ Kd7 21. Nf5 Rxc3+ 22. bxc3 Qa3+ 23. Kb1 Bxe5 24. Qf7+ Kc8 25. Qxe6+ Nd7 26. Qxd5 Kb8 27. Qb3 1-0

[Event "JPN-ch 52nd"]
[Site "Tokyo"]
[Date "2019.04.30"]
[Round "4"]
[White "Manabe, Hiroshi"]
[Black "Aoshima, Mirai"]
[Result "0-1"]
[WhiteElo "2056"]
[BlackElo "2313"]
[PlyCount "118"]
[EventDate "2019.04.29"]
[EventType "swiss"]
[EventRounds "10"]
[EventCountry "JPN"]
[SourceTitle "CBM 190 Extra"]
[Source "ChessBase"]
[SourceDate "2019.07.15"]
[SourceVersion "1"]
[SourceVersionDate "2019.07.15"]
[SourceQuality "1"]

1. d4 Nf6 2. c4 e6 3. Nc3 d5 4. cxd5 exd5 5. Bg5 c6 6. e3 Bf5 7. Qf3 Bg6 8. Bxf6 Qxf6 9. Qxf6 gxf6 10. Nf3 a5 11. Be2 a4 12. a3 Nd7 13. Rc1 Bd6 14. Nd2 0-0 15. 0-0 b5 16. Na2 Rfc8 17. Nb4 Bxb4 18. axb4 Nb6 19. Bg4 Rc7 20. Rc5 Nc4 21. Nxc4 bxc4 22. Bf3 Rb8 23. Bxd5 cxd5 24. Rxc7 Rxb4 25. f3 Rxb2 26. Ra7 Bc2 27. e4 dxe4 28. fxe4 Bxe4 29. Rxf6 c3 30. Rxa4 Rxg2+ 31. Kf1 Rxh2 32. Ke1 c2 33. Rc4 Bd3 34. Rc8+ Kg7 35. Rfc6 Re2+ 36. Kf1 Re4+ 37. Kf2 Rxd4 38. Rc3 Rd5 39. Ke3 Bf5 40. R8c4 h5 41. Kf4 Bg6 42. Rc7 Rd1 43. Kg3 Rd3+ 44. Rxd3 Bxd3 45. Kh4 Bg6 46. Kg5 Kf8 47. Kf4 Ke8 48. Ke3 Kd8 49. Rc4 Kd7 50. Kd2 Ke6 51. Rf4 Ke5 52. Rf1 Bf5 53. Rh1 Bg4 54. Kxc2 Kf4 55. Kd2 Bf3 56. Rf1 h4 57. Rf2 h3 58. Kd3 f5 59. Kd4 Kg3 0-1

[Event "Hong Kong Jolimark op"]
[Site "Hong Kong"]
[Date "2018.12.26"]
[Round "8"]
[White "Li, Bo"]
[Black "Aoshima, Mirai"]
[Result "1/2-1/2"]
[WhiteElo "2312"]
[BlackElo "2280"]
[PlyCount "128"]
[EventDate "2018.12.22"]
[EventType "swiss"]
[EventRounds "9"]
[EventCountry "HKG"]
[SourceTitle "CBM 188 Extra"]
[Source "ChessBase"]
[SourceDate "2019.02.26"]
[SourceVersion "1"]
[SourceVersionDate "2019.02.26"]
[SourceQuality "1"]

1. d4 d5 2. c4 e6 3. Nc3 a6 4. cxd5 exd5 5. Bf4 Nf6 6. e3 Bd6 7. Bg5 c6 8. Bd3 h6 9. Bh4 0-0 10. Nge2 Nbd7 11. Bg3 Qe7 12. Qc2 c5 13. Bh4 g5 14. Bg3 b5 15. dxc5 Nxc5 16. 0-0 b4 17. Na4 Nxd3 18. Qxd3 Bd7 19. Qd1 Rab8 20. Rc1 h5 21. Nd4 h4 22. Bxd6 Qxd6 23. Nc5 Ng4 24. Nf3 Bb5 25. Re1 f6 26. Qd4 Ne5 27. Nxe5 fxe5 28. Qg4 Qf6 29. Qe6+ Qxe6 30. Nxe6 Rf6 31. Nxg5 Rbf8 32. f4 exf4 33. exf4 d4 34. Rcd1 d3 35. Ne6 Re8 36. Nd4 Rxe1+ 37. Rxe1 Bc4 38. b3 Rxf4 39. Nf3 Bd5 40. Re3 Be4 41. Nd2 Bf5 42. Rf3 Rxf3 43. gxf3 Kf7 44. Kf2 Ke6 45. Ke3 Kd5 46. Ne4 Ke5 47. Nc5 d2 48. Kxd2 Kf4 49. Nxa6 Kxf3 50. Nxb4 Kg2 51. Ke3 Be6 52. Nd3 Kxh2 53. Kf2 Bf5 54. Nf4 Bb1 55. a3 Bc2 56. b4 Ba4 57. Ne2 Bd7 58. Nd4 h3 59. b5 Kh1 60. a4 Bc8 61. a5 Bb7 62. a6 Bc8 63. Nb3 Bxa6 64. bxa6 h2 1/2-1/2

[Event "Hong Kong Jolimark op"]
[Site "Hong Kong"]
[Date "2018.12.25"]
[Round "6"]
[White "Ranola, Yves"]
[Black "Aoshima, Mirai"]
[Result "1/2-1/2"]
[WhiteElo "2370"]
[BlackElo "2280"]
[PlyCount "98"]
[EventDate "2018.12.22"]
[EventType "swiss"]
[EventRounds "9"]
[EventCountry "HKG"]
[SourceTitle "CBM 188 Extra"]
[Source "ChessBase"]
[SourceDate "2019.02.26"]
[SourceVersion "1"]
[SourceVersionDate "2019.02.26"]
[SourceQuality "1"]

1. c4 Nf6 2. g3 e6 3. Bg2 d5 4. Nf3 Be7 5. 0-0 0-0 6. Qc2 d4 7. d3 c5 8. e3 Nc6 9. exd4 cxd4 10. a3 a5 11. Re1 Nd7 12. Nbd2 e5 13. Rb1 Re8 14. Ne4 Nc5 15. Nxc5 Bxc5 16. Ng5 Be7 17. f4 exf4 18. Bxf4 Bxg5 19. Bxg5 f6 20. Bd5+ Kh8 21. Bf4 Bf5 22. h4 Qd7 23. Qd2 Re7 24. Rxe7 Nxe7 25. Bg2 Ng6 26. Re1 Rd8 27. Be4 a4 28. Qf2 Bxe4 29. Rxe4 h6 30. h5 Nxf4 31. Qxf4 Qc6 32. Qf5 Qb6 33. Re2 Qc6 34. Re6 Qc8 35. Qe4 b5 36. cxb5 Qc1+ 37. Qe1 Qxe1+ 38. Rxe1 Rb8 39. Re4 Rxb5 40. Rxd4 Rxb2 41. Rxa4 Rb3 42. Ra8+ Kh7 43. Kf2 Rxd3 44. a4 Rd5 45. g4 f5 46. Kf3 fxg4+ 47. Kxg4 Rd4+ 48. Kg3 Rd5 49. Kg4 Rd4+ 1/2-1/2

[Event "Hong Kong Jolimark op"]
[Site "Hong Kong"]
[Date "2018.12.24"]
[Round "5"]
[White "Aoshima, Mirai"]
[Black "Causo, Deniel"]
[Result "1-0"]
[WhiteElo "2280"]
[BlackElo "2285"]
[PlyCount "91"]
[EventDate "2018.12.22"]
[EventType "swiss"]
[EventRounds "9"]
[EventCountry "HKG"]
[SourceTitle "CBM 188 Extra"]
[Source "ChessBase"]
[SourceDate "2019.02.26"]
[SourceVersion "1"]
[SourceVersionDate "2019.02.26"]
[SourceQuality "1"]

1. d4 d5 2. Nf3 c6 3. c4 Nf6 4. Nc3 a6 5. c5 Bf5 6. Qb3 Ra7 7. Nh4 Bc8 8. Bf4 Nbd7 9. Nf3 g6 10. h3 Bg7 11. e3 0-0 12. Bd3 Nh5 13. Bh2 e5 14. Nxe5 Bxe5 15. Bxe5 Nxe5 16. dxe5 d4 17. Ne4 Qa5+ 18. Ke2 dxe3 19. Kxe3 b5 20. g4 Ng7 21. f4 Qd8 22. Nf6+ Kh8 23. Be4 Ne8 24. Rad1 Qe7 25. Qc3 b4 26. Qd4 Nxf6 27. exf6 Qe6 28. f5 gxf5 29. gxf5 Qe8 30. Kf4 Rd7 31. Qe5 Qd8 32. Rxd7 Qxd7 33. Qd6 Qxd6+ 34. cxd6 Rd8 35. Bxc6 Rxd6 36. Re1 Rd8 37. Re7 Kg8 38. Bd5 Rf8 39. Rc7 a5 40. Bxf7+ Rxf7 41. Rxc8+ Rf8 42. Rxf8+ Kxf8 43. Ke5 Kf7 44. Kd5 Kxf6 45. Kc4 Kxf5 46. Kb5 1-0

[Event "Hong Kong Jolimark op"]
[Site "Hong Kong"]
[Date "2018.12.23"]
[Round "3"]
[White "Aoshima, Mirai"]
[Black "Shoemaker, Eric D"]
[Result "1-0"]
[WhiteElo "2280"]
[BlackElo "1849"]
[PlyCount "81"]
[EventDate "2018.12.22"]
[EventType "swiss"]
[EventRounds "9"]
[EventCountry "HKG"]
[SourceTitle "CBM 188 Extra"]
[Source "ChessBase"]
[SourceDate "2019.02.26"]
[SourceVersion "1"]
[SourceVersionDate "2019.02.26"]
[SourceQuality "1"]

1. d4 d5 2. Nf3 Nf6 3. c4 e6 4. Nc3 Be7 5. Bf4 0-0 6. e3 c5 7. dxc5 Bxc5 8. cxd5 Nxd5 9. Nxd5 exd5 10. a3 Nc6 11. Bd3 Be7 12. 0-0 Be6 13. Rc1 Rc8 14. h3 a6 15. Bb1 Bf6 16. b4 g6 17. Qe2 Qe7 18. Rc5 b6 19. Rcc1 Qb7 20. Bd3 b5 21. Rc5 Be7 22. Rc2 Na7 23. Nd4 Rxc2 24. Bxc2 Nc6 25. Nxe6 fxe6 26. Qg4 Kf7 27. h4 Rg8 28. h5 e5 29. Bb3 Rd8 30. Bg5 Bxg5 31. Qxg5 Qe7 32. Qh6 Qf8 33. Qxh7+ Qg7 34. hxg6+ Kf6 35. Rc1 Rd6 36. Bxd5 Ne7 37. Be4 Nxg6 38. Qxg7+ Kxg7 39. Rc6 Rd1+ 40. Kh2 Rd2 41. Rxg6+ 1-0

[Event "Hong Kong Jolimark op"]
[Site "Hong Kong"]
[Date "2018.12.22"]
[Round "1"]
[White "Aoshima, Mirai"]
[Black "King, Oliver Baekho"]
[Result "1-0"]
[WhiteElo "2280"]
[BlackElo "1316"]
[PlyCount "51"]
[EventDate "2018.12.22"]
[EventType "swiss"]
[EventRounds "9"]
[EventCountry "HKG"]
[SourceTitle "CBM 188 Extra"]
[Source "ChessBase"]
[SourceDate "2019.02.26"]
[SourceVersion "1"]
[SourceVersionDate "2019.02.26"]
[SourceQuality "1"]

1. d4 Nf6 2. Bg5 e6 3. e4 Be7 4. Bd3 d5 5. Bxf6 Bxf6 6. e5 Be7 7. Qg4 Kf8 8. Nd2 c5 9. dxc5 Bxc5 10. Ngf3 Nc6 11. 0-0 Qc7 12. Rae1 a6 13. c3 b5 14. Nb3 Bb6 15. Nbd4 Ne7 16. Ng5 Ng6 17. Re3 Nxe5 18. Qf4 Qe7 19. Rxe5 Bc7 20. Rfe1 h6 21. Ngxe6+ Bxe6 22. Rxe6 Bxf4 23. Rxe7 Bd2 24. R1e2 Bc1 25. Nf5 g6 26. Nd6 1-0

[Event "Tokyo Summer op"]
[Site "Tokyo"]
[Date "2018.07.16"]
[Round "5"]
[White "Aoshima, Mirai"]
[Black "Tran, Thanh Tu"]
[Result "0-1"]
[WhiteElo "2423"]
[BlackElo "2528"]
[PlyCount "78"]
[EventDate "2018.07.15"]
[EventType "swiss"]
[EventRounds "6"]
[EventCountry "JPN"]
[SourceTitle "EXT 2019"]
[Source "ChessBase"]
[SourceDate "2018.10.10"]
[SourceVersion "1"]
[SourceVersionDate "2018.10.10"]
[SourceQuality "1"]

1. d4 Nc6 2. Nf3 d6 3. d5 Nb8 4. c4 Nf6 5. g3 g6 6. Bg2 Bg7 7. 0-0 0-0 8. Nc3 a5 9. e4 Bg4 10. h3 Bxf3 11. Qxf3 Nfd7 12. Qe2 a4 13. Be3 a3 14. Rfd1 c5 15. Rac1 Qa5 16. Bg5 Re8 17. Qd2 axb2 18. Qxb2 Qb4 19. Rd2 h6 20. Be3 Ra3 21. Qxb4 cxb4 22. Nb5 Rxe3 23. fxe3 Na6 24. Nd4 Rc8 25. h4 Ne5 26. h5 gxh5 27. Nf3 Bf6 28. Rdc2 Bg5 29. Kh1 Kh7 30. Bf1 Nc5 31. Rb1 Nxe4 32. Rxb4 Nc5 33. Be2 Kg6 34. Nh4+ Bxh4 35. gxh4 f5 36. Kg2 Ng4 37. Kf3 Kf6 38. Kf4 Ne5 39. Rb5 Ne4 0-1

[Event "Tokyo Summer op"]
[Site "Tokyo"]
[Date "2018.07.16"]
[Round "4"]
[White "Asaka, Samuel"]
[Black "Aoshima, Mirai"]
[Result "0-1"]
[WhiteElo "2153"]
[BlackElo "2423"]
[PlyCount "74"]
[EventDate "2018.07.15"]
[EventType "swiss"]
[EventRounds "6"]
[EventCountry "JPN"]
[SourceTitle "EXT 2019"]
[Source "ChessBase"]
[SourceDate "2018.10.10"]
[SourceVersion "1"]
[SourceVersionDate "2018.10.10"]
[SourceQuality "1"]

1. Nf3 Nf6 2. c4 e6 3. g3 d5 4. Bg2 Be7 5. 0-0 0-0 6. b3 d4 7. e3 c5 8. exd4 cxd4 9. Bb2 Nc6 10. Re1 Ng4 11. d3 f6 12. Na3 e5 13. Nc2 Nh6 14. a3 a5 15. Qd2 Qb6 16. Nfxd4 exd4 17. Bxc6 bxc6 18. Rxe7 Nf5 19. Re4 c5 20. b4 axb4 21. axb4 Bb7 22. Rf4 Ne7 23. Rb1 Qc6 24. f3 Ng6 25. bxc5 Nxf4 26. Qxf4 Rfe8 27. Nxd4 Qxc5 28. Bc3 Qa3 29. Rb3 Qe7 30. Nf5 Ra1+ 31. Bxa1 Qe1+ 32. Kg2 Qe2+ 33. Kh3 Bxf3 34. Ne3 Rxe3 35. Rb8+ Kf7 36. Qc7+ Kg6 37. Rb7 Bg2+ 0-1

[Event "JPN-ch"]
[Site "Tokyo"]
[Date "2018.05.02"]
[Round "8"]
[White "Scott, Tyler"]
[Black "Aoshima, Mirai"]
[Result "0-1"]
[WhiteElo "2089"]
[BlackElo "2280"]
[PlyCount "96"]
[EventDate "2018.04.29"]
[EventType "swiss"]
[EventRounds "11"]
[EventCountry "JPN"]
[SourceTitle "CBM 184 Extra"]
[Source "ChessBase"]
[SourceDate "2018.06.28"]
[SourceVersion "1"]
[SourceVersionDate "2018.06.28"]
[SourceQuality "1"]

1. d4 Nf6 2. c4 e6 3. g3 d5 4. Nf3 Be7 5. Bg2 0-0 6. 0-0 dxc4 7. Qc2 b5 8. a4 b4 9. Qxc4 Ba6 10. Qc2 Nbd7 11. Ne5 Nxe5 12. Bxa8 Qxd4 13. Bg2 c5 14. Rd1 Qg4 15. Re1 Nd5 16. f4 Nc6 17. e3 Rd8 18. Nd2 b3 19. Qe4 Ncb4 20. Bf3 Qh3 21. Bg2 Qh5 22. Nxb3 Nf6 23. Qe5 Nc2 24. Bd2 Nxa1 25. Rxa1 Qxe5 26. fxe5 Ng4 27. Rc1 Bg5 28. h3 Nxe5 29. Rxc5 Rxd2 30. Rxe5 Rd1+ 31. Kf2 h6 32. Rc5 Rd3 33. Rc3 Bxe3+ 34. Kf3 Bb7+ 35. Ke2 Rxc3 36. bxc3 Bxg2 37. Kxe3 Bxh3 38. Kd4 Bg2 39. Kc5 h5 40. Nd4 g5 41. Ne2 h4 42. gxh4 gxh4 43. Kd6 h3 44. c4 h2 45. Ng3 f5 46. Ke5 Kf7 47. c5 h1Q 48. Nxh1 Bxh1 0-1

[Event "JPN-ch"]
[Site "Tokyo"]
[Date "2018.05.01"]
[Round "6"]
[White "Otawa, Yuto"]
[Black "Aoshima, Mirai"]
[Result "1/2-1/2"]
[WhiteElo "1895"]
[BlackElo "2280"]
[PlyCount "97"]
[EventDate "2018.04.29"]
[EventType "swiss"]
[EventRounds "11"]
[EventCountry "JPN"]
[SourceTitle "CBM 184 Extra"]
[Source "ChessBase"]
[SourceDate "2018.06.28"]
[SourceVersion "1"]
[SourceVersionDate "2018.06.28"]
[SourceQuality "1"]

1. d4 Nf6 2. c4 e6 3. Nc3 Bb4 4. e3 b6 5. Nge2 c5 6. a3 Ba5 7. Rb1 Na6 8. g3 cxd4 9. exd4 Bb7 10. d5 Bxc3+ 11. Nxc3 0-0 12. Bg2 Qc7 13. 0-0 Qxc4 14. dxe6 Bxg2 15. exf7+ Qxf7 16. Kxg2 d5 17. Be3 Rad8 18. Ne2 Ng4 19. Nd4 Qh5 20. h3 Nxe3+ 21. fxe3 Qe5 22. Qg4 Qe4+ 23. Qxe4 dxe4 24. Rxf8+ Rxf8 25. Rf1 Nc5 26. b4 Nd3 27. Rxf8+ Kxf8 28. Ne6+ Kf7 29. Ng5+ Kf6 30. Nxe4+ Ke5 31. Nd2 Ne1+ 32. Kf2 Nc2 33. Nb1 Kd5 34. Ke2 Kc4 35. Kd2 Kb3 36. e4 Kb2 37. Nc3 Nxa3 38. Kd3 Kb3 39. Nd5 Nc4 40. Kd4 Nd6 41. g4 a5 42. bxa5 Nb5+ 43. Kd3 bxa5 44. e5 a4 45. e6 a3 46. e7 Nd6 47. Nc3 g5 48. Kd4 Ne8 49. Kd3 1/2-1/2

[Event "Hong Kong Jolimark op"]
[Site "Hong Kong"]
[Date "2017.12.27"]
[Round "9"]
[White "Zeng, Chongsheng"]
[Black "Aoshima, Mirai"]
[Result "1-0"]
[WhiteElo "2547"]
[BlackElo "2265"]
[PlyCount "75"]
[EventDate "2017.12.23"]
[EventType "swiss"]
[EventRounds "9"]
[EventCountry "HKG"]
[SourceTitle "CBM 182 Extra"]
[Source "ChessBase"]
[SourceDate "2018.02.23"]
[SourceVersion "1"]
[SourceVersionDate "2018.02.23"]
[SourceQuality "1"]

1. d4 Nf6 2. c4 e6 3. g3 d5 4. Nf3 Be7 5. Bg2 0-0 6. 0-0 dxc4 7. Ne5 Nc6 8. Bxc6 bxc6 9. Nxc6 Qe8 10. Nxe7+ Qxe7 11. Qa4 e5 12. dxe5 Qxe5 13. Qxc4 Be6 14. Qd3 Rad8 15. Qe3 Qh5 16. f3 Rfe8 17. Qf2 Bc4 18. Nc3 Nd5 19. Re1 Nb4 20. Rb1 Bd3 21. exd3 Nxd3 22. Rxe8+ Rxe8 23. Qxa7 Ne5 24. Bf4 Nxf3+ 25. Kg2 g5 26. Qc5 h6 27. Rf1 Qxh2+ 28. Kxf3 gxf4 29. Kxf4 Re6 30. Qd4 Rd6 31. Nd5 Qe2 32. Rf3 Qe6 33. Rd3 h5 34. Qe5 Qg4+ 35. Ke3 Re6 36. Nf6+ Rxf6 37. Qxf6 Qxg3+ 38. Ke4 1-0